| 000 | 01266nam0a22003011 4500 | ||
|---|---|---|---|
| 001 | rc\206414 | ||
| 005 | 20260407105210.0 | ||
| 010 |
_a5-7218-0059-3 _dб.ц. _910000 |
||
| 021 |
_aRU _b96-28904 |
||
| 035 | _a(NLR Aleph) 005457879 | ||
| 090 |
_a4926659 _c4926659 |
||
| 100 | _a20030307d1996 |||y0rusy50 ca | ||
| 101 | 0 | _arus | |
| 102 | _aRU | ||
| 105 | _ay j|||||||| | ||
| 200 | 1 |
_aХрестоматия по философии _eучебное пособие _fМоск. гос. ун-т им. М.В. Ломоносова. Филос. фак. _gсост. П.В. Алексеев, А.В. Панин |
|
| 210 |
_aМосква _cПроспект _d1996 |
||
| 215 |
_a415, [1] с. _d21 |
||
| 606 | 1 |
_aФилософия _jХрестоматии _xИстория _91388522 _3RU\NLR\AUTH\66270120 |
|
| 686 | 0 |
_aЮОя73-3 _2rubbk |
|
| 702 | 1 |
_4220 _8rus _7ca _aАлексеев _bП. В. _cд-р филос. наук _f1932- _gПетр Васильевич _3RU\NLR\AUTH\7730067 _913094 |
|
| 712 | 0 | 2 |
_4650 _aМГУ им. М. В. Ломоносова _bФилософский факультет _3RU\NLR\AUTH\889936560 _9367925 |
| 801 | 0 |
_aRU _bNLR _gpsbo |
|
| 801 | 1 |
_aRU _bELAR _2rusmarc |
|
| 801 | 2 |
_aRU _bNLR _c20141121 _2rusmarc |
|
| 852 |
_aNLR _j96-3/9772 |
||
| 942 | _cBOOK | ||
| 980 | _aNB | ||